Statistics for Taylor Swift - Shake It Off Lyrics

Click here to take the quiz!

General Stats

  • This quiz has been taken 256 times
    (147 since last reset)
  • The average score is 442 of 490

Answer Stats

Answer% Correct
I
100%
to
100%
go
99%
it
98%
My
98%
my
98%
too
98%
a
97%
in
97%
of
97%
shake
97%
gonna
95%
got
95%
Got
95%
say
95%
the
95%
what
95%
be
94%
brain
94%
hate
94%
Just
94%
just
94%
man
94%
off
94%
on
94%
stay
94%
that's
94%
That's
94%
haters
93%
late
93%
"Oh
93%
Oh
93%
people
93%
And
92%
and
92%
I'm
92%
i'm
92%
this
92%
"It's
91%
It's
91%
like
91%
but
90%
But
90%
can
90%
girlfriend
90%
new
90%
nothin'
90%
play
90%
there
90%
can't
89%
Can't
89%
ex
89%
hair
89%
players
89%
his
88%
over
88%
stop
88%
with
88%
won't
88%
You
88%
you
88%
alright"
86%
beat
86%
God"
86%
hella
86%
make
86%
movin'
86%
out
86%
dates
85%
good
85%
many
85%
sayin'
85%
Sayin'
85%
Baby
84%
baby?
84%
'Cause
84%
come
84%
fella
84%
We
84%
mind
83%
She's
83%
them
83%
don't
82%
music
82%
sick
82%
brought
81%
keep
81%
At
80%
fake
80%
they
80%
see
78%
Yeah
78%
down
77%
fakers
77%
know
77%
mm
77%
dirty
76%
hey
76%
Hey
76%
least
76%
own
76%
up
76%
world
76%
dancin'
74%
gettin'
74%
break
73%
liars
73%
feet
72%
been
70%
cheats
70%
Heartbreakers
70%
about
69%
as
68%
groovin'
68%
could've
67%
cruisin'
67%
moves
67%
never
67%
miss
66%
you've
65%
lightnin'
64%
think
64%
while
59%

Score Distribution

Percentile by Number Answered

Percent of People with Each Score

Your Score History

You have not taken this quiz since the last reset